ARRUPE JESUIT UNIVERSITY

CORONAVIRUS -STOP THE SPREAD - CLEAN,DISINFECT,COVER

Alfred Schutz : (Record no. 128563)

MARC details
000 -LEADER
fixed length control field 01734cam a2200313 a 4500
001 - CONTROL NUMBER
control field 4754428
003 - CONTROL NUMBER IDENTIFIER
control field ARRUPE
005 - DATE AND TIME OF LATEST TRANSACTION
control field 20181114094844.0
008 - FIXED-LENGTH DATA ELEMENTS--GENERAL INFORMATION
fixed length control field 881110r1984 ne b 010 0beng
010 ## - LIBRARY OF CONGRESS CONTROL NUMBER
LC control number 85110892
020 ## - INTERNATIONAL STANDARD BOOK NUMBER
International Standard Book Number 9024731143 (pbk.)
040 ## - CATALOGING SOURCE
Original cataloging agency DLC
Transcribing agency DLC
Modifying agency DLC
043 ## - GEOGRAPHIC AREA CODE
Geographic area code e-gx---
050 00 - LIBRARY OF CONGRESS CALL NUMBER
Classification number HM22.G3
Item number S299 1984
082 00 - DEWEY DECIMAL CLASSIFICATION NUMBER
Classification number 301/.092/4
Edition number 19
300 ## - PHYSICAL DESCRIPTION
Dimensions 23 cm.
100 ## - MAIN ENTRY--PERSONAL NAME
Personal name Wagner, Helmut R.
9 (RLIN) 43435
245 00 - TITLE STATEMENT
Title Alfred Schutz :
Remainder of title an intellectual biography /
Statement of responsibility, etc Helmut R. wagner .
260 ## - PUBLICATION, DISTRIBUTION, ETC. (IMPRINT)
Place of publication, distribution, etc Chicago
Name of publisher, distributor, etc The University of Chicago Press
Date of publication, distribution, etc 1983
300 ## - PHYSICAL DESCRIPTION
Extent xiii, 352 p. ;
500 ## - GENERAL NOTE
General note "Reprinted from Human studies, vol. 7(2), 1984."
504 ## - BIBLIOGRAPHY, ETC. NOTE
Bibliography, etc Includes bibliographies.
505 0# - FORMATTED CONTENTS NOTE
Formatted contents note Schutz's life story and the understanding of his work / Helmut R. Wagner -- The well-informed citizen, Alfred Schutz and applied theory / Jonathan B. Imber -- Explorations of the Lebenswelt / David M. Rasmussen -- Discussion of Wagner, Imber, and Rasmussen / Kurt H. Wolff -- A. Schutz and F. Kaufmann / Ingeborg Katharina Helling -- On the origin of "phenomenological" sociology / Ilja Srubar -- Surrender-and-catch and phenomenology / Kurt H. Wolff -- On surrender, death, and the sociology of knowledge / Judith Feher -- The provisional homecomer / Funmilayo M. Jones.
600 10 - SUBJECT ADDED ENTRY--PERSONAL NAME
Personal name Schutz, Alfred,
Dates associated with a name 1899-1959.
9 (RLIN) 43436
650 #0 - SUBJECT ADDED ENTRY--TOPICAL TERM
Topical term or geographic name as entry element Phenomenology
9 (RLIN) 43437
650 #0 - SUBJECT ADDED ENTRY--TOPICAL TERM
Topical term or geographic name as entry element Sociology
General subdivision Philosophy
9 (RLIN) 13582
730 0# - ADDED ENTRY--UNIFORM TITLE
Uniform title Human studies (Dordrecht, Netherlands)
9 (RLIN) 43438
906 ## - LOCAL DATA ELEMENT F, LDF (RLIN)
a 7
b cbc
c orignew
d 3
e ncip
f 19
g y-gencatlg
942 ## - ADDED ENTRY ELEMENTS (KOHA)
Source of classification or shelving scheme Library of Congress Classification
Koha item type Monograph ( Printed materials)
Holdings
Withdrawn status Lost status Source of classification or shelving scheme Damaged status Not for loan Collection code Home library Current library Shelving location Date acquired Total Checkouts Full call number Barcode Date last seen Price effective from Koha item type
    Library of Congress Classification     Main Collection ARRUPE LIBRARY ARRUPE LIBRARY Main Collection 14/11/2018   HM22.G3 S299 1984 46600002548 14/11/2018 14/11/2018 Monograph ( Printed materials)

 

Arrupe Library. PO Box MP320 Mt Pleasant, Harare, Zimbabwe
263 242 745411|librarian@aju.ac.zw